01608cam a22003737a 45000010008000000030004000080050017000120060019000290070015000480080041000630200018001040200015001220350026001370400036001630420014001990500025002130820023002381110057002612100062003182450212003802460018005922600031006104900047006415040058006885060043007466500043007896500053008326500059008856500048009446500029009927000031010217730050010528560132011027916843OSt20150408113914.0m d cr n 090125s2009 gw a sb 100 0 eng d a9783642003813 a3642003818 a(WaSeSS)ssj0000316802 aHUAcHUAdZCUdQE2dDLCdWaSeSS alccopycat 4aQA76.9.T48bC49 200904a410.285221bG A C2 aCICLing 2009n(10th :d(2009 :cMexico City, Mexico)10aComputational linguistics and intelligent text processing10aComputational linguistics and intelligent text processingh[electronic resource] :b10th International Conference, CICLing 2009, Mexico City, Mexico, March 1 - 7, 2009, proceedings /cAlexander Gelbukh (ed.)30aCICLing 2009. aBerlin :bSpringer,c2009.0 aLecture notes in computer science ;v5449. aIncludes bibliographical references and author index. aLicense restrictions may limit access. 0aComputational linguisticsvCongresses. 0aDiscourse analysisxData processingvCongresses. 0aInformation storage and retrieval systemsvCongresses. 0aDocumentationxData processingvCongresses. 0aData miningvCongresses.1 aGelbukh, Alexander,d1962- 0tSpringerLink ebooks - Computer Science (2009)40uhttp://www.columbia.edu/cgi-bin/cul/resolve?clio7916843zFull text available from SpringerLink ebooks - Computer Science (2009)